[Event "8. MEDJUNARODNO OTVORENO PRVENSTVO VOJVO"]
[Site "Novi Sad, Ribarsko ostrvo-4 re"]
[Date "2017.07.22"]
[Round "8.8"]
[White "Leskur, Dejan"]
[Black "Yordanov, Lachezar"]
[Result "1-0"]
[WhiteElo "2393"]
[BlackElo "2246"]
[PlyCount "83"]
[EventDate "2017.07.16"]

1. Nf3 d5 2. d4 Nf6 3. Bf4 c5 4. e3 Nc6 5. c3 Qb6 6. Qc1 g6 7. Nbd2 Bg7 8. h3
O-O 9. Be2 Nd7 10. O-O e5 11. dxe5 Ndxe5 12. Rd1 Be6 13. Ng5 Rad8 14. Nxe6 fxe6
15. Qc2 Rd7 16. Bg3 Qd8 17. f4 Nf7 18. Bg4 Qe7 19. e4 d4 20. Nb3 c4 21. Nxd4
Nxd4 22. cxd4 Bxd4+ 23. Kh1 Nh6 24. Qxc4 Nxg4 25. Rxd4 Nf6 26. Bh4 Rc7 27. Qb3
Qf7 28. Bxf6 Qxf6 29. e5 Qf5 30. Rad1 Kh8 31. Rd8 Rxd8 32. Rxd8+ Kg7 33. Rd4
Qb1+ 34. Kh2 Rc1 35. Rd7+ Kh6 36. Qe3 Rh1+ 37. Kg3 Re1 38. Qd2 Qe4 39. Kf2 Rh1
40. Rf7 Qb1 41. f5+ g5 42. Rf6+ 1-0

[Event "8. MEDJUNARODNO OTVORENO PRVENSTVO VOJVO"]
[Site "Novi Sad, Ribarsko ostrvo-4 re"]
[Date "2017.07.22"]
[Round "8.9"]
[White "Nomin-Erdene, Davaademberel"]
[Black "Petkovic, Radosav"]
[Result "1-0"]
[WhiteElo "2373"]
[BlackElo "2242"]
[PlyCount "83"]
[EventDate "2017.07.16"]

1. e4 e5 2. Nf3 Nc6 3. Bb5 a6 4. Ba4 Nf6 5. O-O d6 6. c3 g6 7. d4 Bd7 8. d5 Ne7
9. Bxd7+ Qxd7 10. Qc2 Bg7 11. c4 O-O 12. Nc3 h6 13. Ne1 Nh5 14. f3 f5 15. Be3
f4 16. Bf2 g5 17. c5 Ng6 18. Qb3 Rab8 19. Rc1 Nf6 20. Qc4 Rf7 21. Na4 Bf8 22.
c6 Qd8 23. cxb7 Rxb7 24. Qxa6 Rb8 25. Qe2 h5 26. Kh1 g4 27. Nd3 g3 28. hxg3
fxg3 29. Bxg3 h4 30. Bh2 Nh5 31. Qf2 Qg5 32. Rfe1 Bh6 33. Nc3 Ng3+ 34. Kg1 Rbf8
35. Rc2 Rg7 36. Nd1 Qd8 37. Rc4 Nf4 38. Nxf4 Bxf4 39. Qc2 h3 40. Nf2 hxg2 41.
Ng4 Qh4 42. Qxg2 1-0

[Event "8. MEDJUNARODNO OTVORENO PRVENSTVO VOJVO"]
[Site "Novi Sad, Ribarsko ostrvo-4 re"]
[Date "2017.07.22"]
[Round "8.10"]
[White "Stocko, Josip"]
[Black "Todorovic, Nenad I"]
[Result "1/2-1/2"]
[WhiteElo "2371"]
[BlackElo "2235"]
[PlyCount "82"]
[EventDate "2017.07.16"]

1. e4 c5 2. Nf3 d6 3. d4 cxd4 4. Nxd4 Nf6 5. Nc3 a6 6. Bg5 e6 7. f4 h6 8. Bh4
Be7 9. Qf3 Nbd7 10. O-O-O Qc7 11. Be2 O-O 12. Qg3 Nc5 13. e5 Nfe4 14. Nxe4 Nxe4
15. Qf3 dxe5 16. Qxe4 exd4 17. Bxe7 Qxe7 18. Rxd4 Ra7 19. h4 b5 20. Bd3 f5 21.
Qe2 Rd7 22. Rxd7 Bxd7 23. g3 Bc6 24. Re1 Bd5 25. Qe5 Qf6 26. Qxf6 Rxf6 27. Kd2
Rf8 28. b3 Rd8 29. Kc3 Kf7 30. Kb4 Kf6 31. Ka5 Rd6 32. Re3 Rc6 33. Re2 g5 34.
hxg5+ hxg5 35. a4 bxa4 36. bxa4 gxf4 37. gxf4 Bc4 38. Kb4 Bxd3 39. cxd3 Rd6 40.
Kc4 Rc6+ 41. Kb4 Rd6 1/2-1/2

[Event "8. MEDJUNARODNO OTVORENO PRVENSTVO VOJVO"]
[Site "Novi Sad, Ribarsko ostrvo-4 re"]
[Date "2017.07.22"]
[Round "8.11"]
[White "Pantelic, Sasa"]
[Black "Tisma, Ivan"]
[Result "0-1"]
[WhiteElo "2358"]
[BlackElo "2221"]
[PlyCount "82"]
[EventDate "2017.07.16"]

1. Nf3 c5 2. c4 Nf6 3. g3 g6 4. Bg2 Bg7 5. O-O Nc6 6. d4 cxd4 7. Nxd4 O-O 8.
Nc3 Qb6 9. Nc2 d6 10. b3 Qa5 11. Bb2 Qh5 12. e4 Bg4 13. f3 Bh3 14. Ne3 Bxg2 15.
Kxg2 Rfd8 16. Rf2 Qa5 17. Ned5 Nxd5 18. Nxd5 Bxb2 19. Rxb2 Rdc8 20. Qe2 e6 21.
Nf4 Ne7 22. Rd1 Qc7 23. h4 a5 24. Rbd2 Ra6 25. Qe3 a4 26. h5 axb3 27. axb3 Qb6
28. Qc3 e5 29. Rxd6 Ra2+ 30. Kh3 Nc6 31. h6 Qf2 32. R6d2 Rxd2 33. Rxd2 Qg1 34.
Nd5 Qh1+ 35. Rh2 Qf1+ 36. Kg4 Nd4 37. Ne7+ Kf8 38. Nxc8 f5+ 39. Kg5 Kf7 40.
Nd6+ Ke6 41. exf5+ gxf5 0-1

[Event "8. MEDJUNARODNO OTVORENO PRVENSTVO VOJVO"]
[Site "Novi Sad, Ribarsko ostrvo-4 re"]
[Date "2017.07.22"]
[Round "8.12"]
[White "Jocev, Milan"]
[Black "Becker, Marcel"]
[Result "1/2-1/2"]
[WhiteElo "2185"]
[BlackElo "2339"]
[PlyCount "74"]
[EventDate "2017.07.16"]

1. Nf3 d5 2. d4 Nf6 3. c4 c6 4. Nc3 dxc4 5. a4 Bf5 6. Nh4 e6 7. Nxf5 exf5 8. e3
Bb4 9. Bxc4 O-O 10. O-O Nbd7 11. Qc2 g6 12. f3 Qb6 13. Qf2 Rac8 14. Bd2 c5 15.
b3 Qa5 16. Rac1 Nb6 17. d5 Ne8 18. e4 Nd6 19. exf5 Nxf5 20. Ne4 Bxd2 21. Nxd2
Nd7 22. Ne4 Qd8 23. Rfe1 b6 24. Qb2 Nd4 25. b4 Nf6 26. Ba6 Rb8 27. bxc5 bxc5
28. Qc3 Nxe4 29. fxe4 Qf6 30. Bb5 Qe5 31. Qxc5 a6 32. Bxa6 Rb2 33. Qc7 Qf6 34.
Bf1 Qf2+ 35. Kh1 Nf3 36. gxf3 Qxf3+ 37. Kg1 Qf2+ 1/2-1/2

[Event "8. MEDJUNARODNO OTVORENO PRVENSTVO VOJVO"]
[Site "Novi Sad, Ribarsko ostrvo-4 re"]
[Date "2017.07.22"]
[Round "8.14"]
[White "Kaufeld, Juergen"]
[Black "Henriksen, Geir"]
[Result "1-0"]
[WhiteElo "2296"]
[BlackElo "2151"]
[PlyCount "115"]
[EventDate "2017.07.16"]

1. e4 g6 2. d4 Bg7 3. Nc3 c6 4. f4 d5 5. e5 Nh6 6. Be2 Qb6 7. a3 O-O 8. Na4 Qc7
9. Nf3 b6 10. Be3 Bg4 11. O-O Nf5 12. Bf2 e6 13. h3 Bxf3 14. Bxf3 Nd7 15. g4
Ne7 16. Bh4 Rae8 17. Nc3 f5 18. Bg2 Rf7 19. Qd2 Nf8 20. a4 Nc8 21. Bf2 Nd7 22.
Rfc1 Qb7 23. Ne2 Bf8 24. b3 Nb8 25. c3 Rd7 26. Qb2 a6 27. Bf3 b5 28. Rcb1 Rf7
29. Be3 Bh6 30. g5 Bf8 31. Nc1 Nd7 32. Nd3 Nb8 33. h4 Rc7 34. Qf2 Nd7 35. h5
Kf7 36. Kg2 Ncb6 37. Rb2 Rb8 38. a5 Nc8 39. Rh1 Ne7 40. Rh3 Bg7 41. Rb1 Rcc8
42. Qa2 Rg8 43. Rbh1 Rbe8 44. Bc1 Qc7 45. Be3 Rb8 46. Kg3 Rbe8 47. R3h2 Rb8 48.
Rc1 Qb7 49. Rb2 Rgc8 50. Rbc2 Bf8 51. Rh1 Bg7 52. Qa3 Rg8 53. Bc1 Rgd8 54. Qa2
Qc7 55. Ba3 Qxa5 56. Bxe7 Qxa2 57. Rxa2 Kxe7 58. Rxa6 1-0

[Event "8. MEDJUNARODNO OTVORENO PRVENSTVO VOJVO"]
[Site "Novi Sad, Ribarsko ostrvo-4 re"]
[Date "2017.07.22"]
[Round "8.15"]
[White "Jovanovic, Petar"]
[Black "Gajcin, Marina"]
[Result "1/2-1/2"]
[WhiteElo "2135"]
[BlackElo "2282"]
[PlyCount "114"]
[EventDate "2017.07.16"]

1. e4 c5 2. Nf3 Nc6 3. Bb5 g6 4. O-O Bg7 5. c3 Nf6 6. e5 Nd5 7. d4 cxd4 8. cxd4
O-O 9. Bc4 Nb6 10. Bb3 d6 11. e6 fxe6 12. Re1 d5 13. Nc3 Bd7 14. Bg5 Qe8 15.
Bh4 a6 16. a3 Qf7 17. Bg3 Kh8 18. Ne5 Nxe5 19. dxe5 Bc6 20. Ne2 Nd7 21. Nd4 Nb8
22. Rc1 a5 23. Qg4 Bd7 24. Rc7 b5 25. Rec1 a4 26. Ba2 h5 27. Qe2 Bh6 28. R1c3
Qe8 29. Bxd5 exd5 30. e6 Bg7 31. Be5 Bf6 32. g4 Ra6 33. Bxf6+ exf6 34. exd7
Qxe2 35. Nxe2 Rd6 36. gxh5 gxh5 37. Rh3 Nxd7 38. Rxh5+ Kg7 39. Nf4 d4 40. Rxd7+
Rxd7 41. Ne6+ Kf7 42. Nxf8 Kxf8 43. Kf1 d3 44. Ke1 Re7+ 45. Kd1 Re2 46. Rxb5
Rxf2 47. h4 Kg7 48. Kc1 Rc2+ 49. Kd1 Rh2 50. Rb4 Kg6 51. Rxa4 Rxb2 52. Rd4 Rb3
53. a4 Ra3 54. Kd2 Kh5 55. Rf4 Kg6 56. Rd4 Kh5 57. Rf4 Kg6 1/2-1/2

[Event "8. MEDJUNARODNO OTVORENO PRVENSTVO VOJVO"]
[Site "Novi Sad, Ribarsko ostrvo-4 re"]
[Date "2017.07.22"]
[Round "8.16"]
[White "Hasman, Cengiz"]
[Black "Hjelmas, Lars"]
[Result "1/2-1/2"]
[WhiteElo "2092"]
[BlackElo "2261"]
[PlyCount "50"]
[EventDate "2017.07.16"]

1. d4 f5 2. g3 g6 3. Bg2 Bg7 4. Nf3 Nh6 5. O-O O-O 6. b3 d6 7. Bb2 Nf7 8. Nbd2
e5 9. dxe5 dxe5 10. Nc4 Nc6 11. Ne1 e4 12. Bxg7 Kxg7 13. f3 Qe7 14. fxe4 fxe4
15. Qd5 Bf5 16. Ne3 Nh6 17. Nxf5+ gxf5 18. Bh3 Rad8 19. Qc4 Qe5 20. Ng2 Nd4 21.
c3 Nc2 22. Rad1 Na3 23. Qb4 Nc2 24. Qc4 Na3 25. Qb4 Nc2 1/2-1/2

[Event "8. MEDJUNARODNO OTVORENO PRVENSTVO VOJVO"]
[Site "Novi Sad, Ribarsko ostrvo-4 re"]
[Date "2017.07.22"]
[Round "8.18"]
[White "Peycheva, Gergana"]
[Black "Bala, Karlo"]
[Result "0-1"]
[WhiteElo "2161"]
[BlackElo "2264"]
[PlyCount "80"]
[EventDate "2017.07.16"]

1. d4 Nf6 2. c4 g6 3. Nc3 Bg7 4. e4 d6 5. h3 O-O 6. Be3 Na6 7. g4 c5 8. d5 Nc7
9. Qc2 b5 10. cxb5 a6 11. b6 Nb5 12. Nxb5 axb5 13. Bxb5 Qxb6 14. Bd3 Ba6 15.
Nf3 Bxd3 16. Qxd3 Qxb2 17. O-O Ra3 18. Qc4 Rc3 19. Qa4 Qe2 20. Nd2 Rxe3 21.
fxe3 Qxd2 22. Rae1 Rb8 23. Qd1 Qxa2 24. Qf3 Qc2 25. e5 Rb2 26. Rf2 Qxf2+ 27.
Qxf2 Rxf2 28. Kxf2 Nxd5 29. exd6 exd6 30. Kf3 Be5 31. Rc1 Kg7 32. Rd1 Nc3 33.
Rc1 Kf6 34. h4 Ke6 35. Ra1 c4 36. Ra6 Nd5 37. Rc6 c3 38. e4 Nb4 39. Rc4 c2 40.
Ke3 Bb2 0-1

[Event "8. MEDJUNARODNO OTVORENO PRVENSTVO VOJVO"]
[Site "Novi Sad, Ribarsko ostrvo-4 re"]
[Date "2017.07.22"]
[Round "8.19"]
[White "Pecelj, Nedeljko"]
[Black "Banovic, Ivan"]
[Result "1/2-1/2"]
[WhiteElo "2161"]
[BlackElo "2208"]
[PlyCount "33"]
[EventDate "2017.07.16"]

1. Nf3 Nf6 2. g3 g6 3. Bg2 Bg7 4. c4 O-O 5. O-O d6 6. Nc3 Nc6 7. Rb1 a5 8. a3
e5 9. d3 Nd4 10. b4 axb4 11. axb4 c6 12. b5 Bg4 13. e3 Nxf3+ 14. Bxf3 Bxf3 15.
Qxf3 d5 16. bxc6 bxc6 17. cxd5 1/2-1/2

[Event "8. MEDJUNARODNO OTVORENO PRVENSTVO VOJVO"]
[Site "Novi Sad, Ribarsko ostrvo-4 re"]
[Date "2017.07.22"]
[Round "8.20"]
[White "Stojkovic, Miroljub"]
[Black "Adamov, Ivan"]
[Result "1-0"]
[WhiteElo "2201"]
[BlackElo "2123"]
[PlyCount "59"]
[EventDate "2017.07.16"]

1. d4 Nf6 2. c4 g6 3. Nc3 Bg7 4. Nf3 O-O 5. Bg5 h6 6. Bh4 d6 7. e3 Bf5 8. Be2
Ne4 9. Nxe4 Bxe4 10. O-O g5 11. Bg3 Bg6 12. Qb3 b6 13. Bd3 Bxd3 14. Qxd3 c5 15.
h4 gxh4 16. Nxh4 cxd4 17. Nf5 e5 18. Bh4 Bf6 19. Qe4 Nd7 20. Qg4+ Kh7 21. Qh5
Bg5 22. Nxh6 Bxh4 23. Nxf7+ Kg7 24. Nxd8 Raxd8 25. Qxh4 Rf6 26. exd4 exd4 27.
Qxd4 Ne5 28. Rae1 Rh8 29. f4 Ng4 30. Re6 1-0

[Event "8. MEDJUNARODNO OTVORENO PRVENSTVO VOJVO"]
[Site "Novi Sad, Ribarsko ostrvo-4 re"]
[Date "2017.07.23"]
[Round "9.3"]
[White "Kiremitciyan, Ari"]
[Black "Markovic, Miroslav"]
[Result "0-1"]
[WhiteElo "2240"]
[BlackElo "2462"]
[PlyCount "88"]
[EventDate "2017.07.16"]

1. Nf3 Nf6 2. c4 g6 3. Nc3 Bg7 4. e4 d6 5. d4 O-O 6. Be2 e5 7. d5 a5 8. Bg5 h6
9. Be3 Ng4 10. Bd2 f5 11. h3 Nf6 12. exf5 gxf5 13. Qc1 f4 14. g3 e4 15. Nh4 e3
16. fxe3 fxg3 17. Ng6 Re8 18. Rg1 Na6 19. Rxg3 Nc5 20. Qc2 Nfe4 21. Nxe4 Nxe4
22. Rg1 Bf5 23. O-O-O a4 24. Nf4 Kh8 25. Bg4 Bh7 26. Be6 Nxd2 27. Qxd2 Be5 28.
Ng6+ Bxg6 29. Rxg6 Qh4 30. Rg4 Qf6 31. a3 Rf8 32. Rdg1 c6 33. Kb1 cxd5 34. cxd5
Qf3 35. Qe1 b5 36. Rg6 Qe4+ 37. Ka1 Rf6 38. Rg8+ Rxg8 39. Rxg8+ Kh7 40. Qg1
Rxe6 41. dxe6 Qc2 42. Rg2 Bxb2+ 43. Ka2 Qb3+ 44. Kb1 Bd4+ 0-1

[Event "8. MEDJUNARODNO OTVORENO PRVENSTVO VOJVO"]
[Site "Novi Sad, Ribarsko ostrvo-4 re"]
[Date "2017.07.23"]
[Round "9.6"]
[White "Tisma, Ivan"]
[Black "Leskur, Dejan"]
[Result "0-1"]
[WhiteElo "2221"]
[BlackElo "2393"]
[PlyCount "98"]
[EventDate "2017.07.16"]

1. c4 g6 2. Nf3 Bg7 3. g3 f5 4. Bg2 Nf6 5. O-O d6 6. Nc3 e5 7. d3 Nc6 8. Rb1 h6
9. b4 O-O 10. Qb3 Be6 11. b5 Ne7 12. Bd2 Qd7 13. a4 g5 14. Rfc1 f4 15. Ne1 Rab8
16. Nd5 Ng6 17. e3 Ng4 18. f3 Nxe3 19. Nxe3 fxe3 20. Bxe3 b6 21. Qd1 Rf7 22.
Rc2 Rbf8 23. Rf2 d5 24. c5 d4 25. c6 Qc8 26. Bd2 Bd5 27. Bb4 Re8 28. Rbb2 a5
29. Ba3 Bf8 30. Bxf8 Rexf8 31. Rfe2 Qd8 32. Rf2 Qc8 33. Qe2 Qe6 34. Qd1 Kg7 35.
Rf1 Qd6 36. Rff2 Be6 37. Rf1 Rf6 38. Qe2 Qa3 39. Qc2 Ne7 40. Rf2 Nd5 41. Ra2
Qd6 42. Qc1 Nc3 43. Ra1 Bb3 44. Rb2 Bxa4 45. h4 gxh4 46. gxh4 Bxb5 47. Rc2 Bxc6
48. Rxc3 dxc3 49. Qxc3 Qd4+ 0-1

[Event "8. MEDJUNARODNO OTVORENO PRVENSTVO VOJVO"]
[Site "Novi Sad, Ribarsko ostrvo-4 re"]
[Date "2017.07.23"]
[Round "9.7"]
[White "Kuzmin, Yuriy"]
[Black "Nomin-Erdene, Davaademberel"]
[Result "1/2-1/2"]
[WhiteElo "2286"]
[BlackElo "2373"]
[PlyCount "51"]
[EventDate "2017.07.16"]

1. Nf3 d5 2. d4 e6 3. c4 c6 4. g4 dxc4 5. Bg2 b5 6. O-O Bb7 7. b3 cxb3 8. axb3
Nd7 9. Nc3 a6 10. Ne5 Rc8 11. Qc2 Ngf6 12. Rd1 Be7 13. Bg5 h6 14. Nxd7 Nxd7 15.
Bxe7 Qxe7 16. Ne4 O-O 17. Nc5 Nxc5 18. dxc5 Rfd8 19. b4 Qc7 20. Qc3 Rd7 21. Be4
Rcd8 22. Bc2 Kf8 23. Rxd7 Rxd7 24. Rd1 Rxd1+ 25. Bxd1 Bc8 26. Bc2 1/2-1/2

[Event "8. MEDJUNARODNO OTVORENO PRVENSTVO VOJVO"]
[Site "Novi Sad, Ribarsko ostrvo-4 re"]
[Date "2017.07.23"]
[Round "9.8"]
[White "Gajcin, Marina"]
[Black "Kaufeld, Juergen"]
[Result "1/2-1/2"]
[WhiteElo "2282"]
[BlackElo "2296"]
[PlyCount "42"]
[EventDate "2017.07.16"]

1. e4 c5 2. Nf3 d6 3. d4 cxd4 4. Nxd4 Nf6 5. Nc3 Nc6 6. Bg5 Bd7 7. Qd2 Rc8 8.
O-O-O Nxd4 9. Qxd4 Qa5 10. f4 Rxc3 11. bxc3 e5 12. Qb4 Qxb4 13. cxb4 Nxe4 14.
Bh4 g5 15. Bxg5 Nf2 16. fxe5 Rg8 17. Be3 Nxd1 18. Kxd1 dxe5 19. a3 Bc6 20. Rg1
a6 21. g4 Bf3+ 1/2-1/2

[Event "8. MEDJUNARODNO OTVORENO PRVENSTVO VOJVO"]
[Site "Novi Sad, Ribarsko ostrvo-4 re"]
[Date "2017.07.23"]
[Round "9.9"]
[White "Budisavljevic, Luka"]
[Black "Stocko, Josip"]
[Result "1/2-1/2"]
[WhiteElo "2196"]
[BlackElo "2371"]
[PlyCount "30"]
[EventDate "2017.07.16"]

1. d4 Nf6 2. Nf3 e6 3. e3 b6 4. Bd3 Bb7 5. O-O Be7 6. c4 O-O 7. Nc3 d5 8. cxd5
exd5 9. b3 Nbd7 10. Bb2 Re8 11. Rc1 a6 12. Ne2 Bd6 13. Ng3 g6 14. Qc2 Rc8 15.
Qe2 Ne4 1/2-1/2

[Event "8. MEDJUNARODNO OTVORENO PRVENSTVO VOJVO"]
[Site "Novi Sad, Ribarsko ostrvo-4 re"]
[Date "2017.07.23"]
[Round "9.10"]
[White "Sredojevic, Ivan"]
[Black "Tanriverdi, Enes"]
[Result "1/2-1/2"]
[WhiteElo "2355"]
[BlackElo "2203"]
[PlyCount "130"]
[EventDate "2017.07.16"]

1. Nf3 d5 2. b3 Nf6 3. Bb2 e6 4. e3 Be7 5. c4 O-O 6. Qc2 b6 7. Nc3 Bb7 8. Be2
Nbd7 9. O-O c5 10. cxd5 exd5 11. d4 Rc8 12. dxc5 bxc5 13. Rfd1 Qc7 14. Rac1 Qb8
15. Qf5 Rfd8 16. Na4 Ne4 17. Bd3 Ndf6 18. Ne5 g6 19. Qh3 Bd6 20. Bxe4 Bxe5 21.
Bxe5 Qxe5 22. Bf3 Qe7 23. Nc3 d4 24. Bxb7 Qxb7 25. Qh4 Qe7 26. Ne4 Qxe4 27.
Qxf6 Re8 28. exd4 cxd4 29. Rxc8 Rxc8 30. h4 d3 31. Kh2 h5 32. Rd2 Rc2 33. Qd8+
Kg7 34. Rxd3 Rxf2 35. Qd4+ Qxd4 36. Rxd4 Rxa2 37. Rd3 a5 38. Rd5 a4 39. bxa4
Rxa4 40. Kh3 Ra3+ 41. Kh2 Ra6 42. Kh3 Kf6 43. Rb5 Ra3+ 44. Kh2 Rd3 45. Ra5 Ke6
46. Rb5 Rd5 47. Rb7 f6 48. Rb4 Kf5 49. Kh3 Rd3+ 50. g3 Re3 51. Ra4 g5 52. hxg5
fxg5 53. Ra5+ Re5 54. Ra4 Rb5 55. Rc4 Rb2 56. g4+ hxg4+ 57. Rxg4 Rb3+ 58. Rg3
g4+ 59. Kg2 Rb2+ 60. Kg1 Kf4 61. Ra3 Re2 62. Rb3 g3 63. Rb8 Re4 64. Kg2 Re2+
65. Kg1 Re1+ 1/2-1/2

[Event "8. MEDJUNARODNO OTVORENO PRVENSTVO VOJVO"]
[Site "Novi Sad, Ribarsko ostrvo-4 re"]
[Date "2017.07.23"]
[Round "9.11"]
[White "Becker, Marcel"]
[Black "Stojkovic, Miroljub"]
[Result "1-0"]
[WhiteElo "2339"]
[BlackElo "2201"]
[PlyCount "85"]
[EventDate "2017.07.16"]

1. d4 d5 2. c4 c6 3. Nf3 Nf6 4. Nc3 e6 5. e3 Nbd7 6. Bd3 dxc4 7. Bxc4 b5 8. Bd3
Bd6 9. O-O O-O 10. Bd2 e5 11. Ne4 Bc7 12. Qc2 Bb7 13. Nxf6+ Qxf6 14. Bxh7+ Kh8
15. Be4 Qh6 16. Nxe5 Bxe5 17. dxe5 Nxe5 18. f4 Ng4 19. h3 Nf6 20. Bf3 Rad8 21.
Rad1 Nd5 22. Qc5 a6 23. f5 Rfe8 24. e4 Nf4 25. Qe3 Nd3 26. Qxh6+ gxh6 27. Bxh6
f6 28. Bh5 Rxe4 29. Rf3 Red4 30. Rg3 Nf4 31. Rxd4 Rxd4 32. Bxf4 Rxf4 33. Rd3
Rxf5 34. Rd8+ Kh7 35. Rd7+ Kh6 36. Bg4 Rd5 37. Rxb7 Rd2 38. Rb6 Rxb2 39. Rxa6
c5 40. Rxf6+ Kg7 41. Rf2 Rb1+ 42. Kh2 c4 43. Bf5 1-0

[Event "8. MEDJUNARODNO OTVORENO PRVENSTVO VOJVO"]
[Site "Novi Sad, Ribarsko ostrvo-4 re"]
[Date "2017.07.23"]
[Round "9.13"]
[White "Bala, Karlo"]
[Black "Tomerlin, Sinisa"]
[Result "1-0"]
[WhiteElo "2264"]
[BlackElo "2193"]
[PlyCount "147"]
[EventDate "2017.07.16"]

1. d4 Nf6 2. Bf4 d6 3. e3 g6 4. h3 Bg7 5. Nf3 O-O 6. Be2 Nbd7 7. Bh2 c5 8. c3
b6 9. Nbd2 Bb7 10. a4 a6 11. O-O Qc7 12. Qb1 Rac8 13. Re1 Rfe8 14. Qa2 cxd4 15.
exd4 Bd5 16. c4 Bxf3 17. Nxf3 a5 18. d5 Ne4 19. Bd3 Nec5 20. Bf1 Na6 21. Rad1
Qc5 22. Re3 Bh6 23. Rb3 Nb4 24. Qb1 Qc7 25. Nd4 Nc5 26. Ra3 Qd7 27. Nb5 Rcd8
28. Bg3 Qf5 29. Qxf5 gxf5 30. Bh4 Rd7 31. Nd4 e6 32. Re1 Kf8 33. g4 Bg7 34. Rd1
Bxd4 35. Rxd4 Nc2 36. Rdd3 Nxa3 37. Rxa3 f4 38. Bg5 e5 39. f3 Kg7 40. Bh4 e4
41. Be1 Rde7 42. Bc3+ Kg8 43. Bf6 e3 44. Be2 Re5 45. h4 h6 46. Kf1 Rc8 47. Ke1
Kf8 48. Kd1 Ke8 49. h5 Kf8 50. Ke1 Rb8 51. Kd1 Nd7 52. Bxe5 dxe5 53. Rb3 Nc5
54. Rb5 Nxa4 55. Kc2 Ke7 56. b4 axb4 57. Rxb4 Nc5 58. Rb2 Kd6 59. Ra2 Nb7 60.
Kd3 f6 61. Ke4 f5+ 62. Kxf5 Rf8+ 63. Kg6 Nc5 64. Kxh6 e4 65. Kg7 Nd7 66. Ra7
Re8 67. fxe4 Rxe4 68. Rxd7+ Kxd7 69. h6 f3 70. Bxf3 e2 71. Bxe2 Re7+ 72. Kf6
Rxe2 73. h7 Re8 74. g5 1-0

[Event "8. MEDJUNARODNO OTVORENO PRVENSTVO VOJVO"]
[Site "Novi Sad, Ribarsko ostrvo-4 re"]
[Date "2017.07.23"]
[Round "9.14"]
[White "Hjelmas, Lars"]
[Black "Jovanovic, Petar"]
[Result "1-0"]
[WhiteElo "2261"]
[BlackElo "2135"]
[PlyCount "67"]
[EventDate "2017.07.16"]

1. d4 Nf6 2. c4 c5 3. d5 e6 4. Nc3 exd5 5. cxd5 d6 6. e4 g6 7. f4 Bg7 8. Nf3
O-O 9. Be2 Re8 10. e5 dxe5 11. fxe5 Ng4 12. e6 fxe6 13. d6 Bd7 14. O-O c4 15.
Kh1 Qb6 16. Bxc4 Nf2+ 17. Rxf2 Qxf2 18. Ne4 Qb6 19. Bg5 Rf8 20. Be7 Rf4 21.
Nfg5 Qxb2 22. Nxe6 Rxe4 23. Ng5+ Be6 24. Bxe6+ Rxe6 25. Rc1 Nc6 26. Nxe6 Bf6
27. Rc2 Qe5 28. Re2 Qc3 29. Nc7 Bxe7 30. dxe7 Nxe7 31. Rxe7 Rc8 32. h3 Qc5 33.
Qb3+ Kh8 34. Qb2+ 1-0

[Event "8. MEDJUNARODNO OTVORENO PRVENSTVO VOJVO"]
[Site "Novi Sad, Ribarsko ostrvo-4 re"]
[Date "2017.07.23"]
[Round "9.15"]
[White "Todorovic, Nenad I"]
[Black "Jocev, Milan"]
[Result "1/2-1/2"]
[WhiteElo "2235"]
[BlackElo "2185"]
[PlyCount "36"]
[EventDate "2017.07.16"]

1. e4 e5 2. Nf3 Nf6 3. Nxe5 d6 4. Nc4 Nxe4 5. Qe2 Qe7 6. Ne3 Nf6 7. g3 g6 8.
Bg2 Bg7 9. O-O O-O 10. Rd1 c6 11. d4 d5 12. b3 Re8 13. c4 Bg4 14. f3 Be6 15.
Nc3 Qd7 16. Qd3 Na6 17. Ba3 Rad8 18. c5 Nc7 1/2-1/2

[Event "8. MEDJUNARODNO OTVORENO PRVENSTVO VOJVO"]
[Site "Novi Sad, Ribarsko ostrvo-4 re"]
[Date "2017.07.23"]
[Round "9.16"]
[White "Tuturin, Sergey"]
[Black "Hasman, Cengiz"]
[Result "0-1"]
[WhiteElo "2232"]
[BlackElo "2092"]
[PlyCount "147"]
[EventDate "2017.07.16"]

1. e4 Nf6 2. e5 Nd5 3. d4 d6 4. Nf3 dxe5 5. dxe5 Bf5 6. a3 e6 7. c4 Ne7 8.
Qxd8+ Kxd8 9. b4 h6 10. Bb2 Nd7 11. Nbd2 a5 12. b5 c6 13. Nb3 a4 14. Nbd4 Nc5
15. Nxf5 Nxf5 16. g4 Ne7 17. Rd1+ Kc7 18. Bd4 Ng6 19. Be3 Be7 20. Bg2 Rad8 21.
O-O Nb3 22. bxc6 bxc6 23. c5 Rxd1 24. Rxd1 Rd8 25. Rxd8 Bxd8 26. Nd4 Nxd4 27.
Bxd4 Bg5 28. Bf3 Bf4 29. Bc3 Bxe5 30. Bb4 Bd4 31. Bd1 Ne5 32. Kg2 Nd3 33. Bxa4
Nxf2 34. Kf3 e5 35. Bc2 Nh3 36. Ke4 Ng5+ 37. Kd3 Nf3 38. h3 Ng5 39. Bb3 Bf2 40.
a4 f6 41. Ba5+ Kb7 42. Bb6 e4+ 43. Ke2 Nxh3 44. Bc2 e3 45. a5 Nf4+ 46. Kf3 Ne6
47. Bd3 Nd4+ 48. Ke4 Bg1 49. a6+ Ka8 50. Ba5 e2 51. Be1 Ka7 52. Ba5 Bf2 53.
Bb6+ Ka8 54. Bxe2 Nxe2 55. Kf3 Nd4+ 56. Kxf2 Ne6 57. Ke3 g6 58. Ke4 Kb8 59. Ke3
f5 60. gxf5 gxf5 61. Kf3 h5 62. Kg3 f4+ 63. Kf3 Ka8 64. Kg2 h4 65. Ba5 Ng5 66.
Bd8 h3+ 67. Kg1 Nf3+ 68. Kf2 Ne1 69. Kg1 f3 70. Bh4 Nd3 71. Bg3 Ka7 72. Bd6
Kxa6 73. Kf1 Kb5 74. Kg1 0-1

[Event "8. MEDJUNARODNO OTVORENO PRVENSTVO VOJVO"]
[Site "Novi Sad, Ribarsko ostrvo-4 re"]
[Date "2017.07.23"]
[Round "9.17"]
[White "Pucarevic, Milenko"]
[Black "Velikic, Adela"]
[Result "1-0"]
[WhiteElo "2191"]
[BlackElo "2256"]
[PlyCount "150"]
[EventDate "2017.07.16"]

1. Nf3 Nf6 2. c4 b6 3. e3 Bb7 4. Be2 e6 5. b3 Be7 6. Bb2 O-O 7. d3 d5 8. Nbd2
c5 9. Qc2 Nc6 10. a3 Qc7 11. O-O Rfd8 12. Rfe1 a5 13. Nf1 a4 14. bxa4 d4 15. e4
Ne5 16. Nxe5 Qxe5 17. Bd1 Bc6 18. Qd2 Bxa4 19. f4 Qc7 20. e5 Ne8 21. Bf3 Rab8
22. Qe2 b5 23. Nd2 Qa7 24. Bc1 Nc7 25. g4 Qa5 26. Ra2 bxc4 27. Nxc4 Qa6 28. Rb2
Rxb2 29. Nxb2 Bb5 30. f5 Nd5 31. Qg2 Bh4 32. Rd1 Ne3 33. Qh3 Bg5 34. fxe6 Qxe6
35. Re1 h6 36. a4 Ba6 37. Qg3 Qe7 38. Re2 Re8 39. Bd2 Qxe5 40. Qxe5 Rxe5 41.
Be1 Bf4 42. h3 Re8 43. Ba5 Rb8 44. Be4 g6 45. Kf2 Bg5 46. Kg3 f5 47. gxf5 gxf5
48. Bc6 Kg7 49. Bc7 Rc8 50. Be5+ Bf6 51. Bxf6+ Kxf6 52. Bf3 Rb8 53. Kf2 Ke5 54.
Rd2 Kf4 55. Nd1 Bb7 56. Rb2 Bxf3 57. Rxb8 Nxd1+ 58. Ke1 Nc3 59. a5 c4 60. Kd2
Na4 61. dxc4 Nc5 62. Rb5 Ne6 63. a6 Nc7 64. Rb6 h5 65. a7 Ke5 66. Rh6 Na8 67.
c5 Kd5 68. c6 Kc5 69. Rf6 Bxc6 70. Rxf5+ Kc4 71. Rxh5 Nb6 72. Rh8 Kd5 73. h4
Ke4 74. h5 d3 75. Rd8 Ba8 1-0

[Event "8. MEDJUNARODNO OTVORENO PRVENSTVO VOJVO"]
[Site "Novi Sad, Ribarsko ostrvo-4 re"]
[Date "2017.07.23"]
[Round "9.19"]
[White "Dragojlovic, Andjelko"]
[Black "Pecelj, Nedeljko"]
[Result "1/2-1/2"]
[WhiteElo "2302"]
[BlackElo "2161"]
[PlyCount "27"]
[EventDate "2017.07.16"]

1. e4 e6 2. b3 d5 3. Bb2 dxe4 4. Nc3 Nf6 5. g4 Nc6 6. Bg2 b6 7. Nxe4 Nxe4 8.
Bxe4 Bb7 9. Qf3 Qd7 10. Ne2 Rb8 11. O-O-O Nd8 12. Nf4 Bxe4 13. Qxe4 Qc6 14. Qe2
1/2-1/2

[Event "8. MEDJUNARODNO OTVORENO PRVENSTVO VOJVO"]
[Site "Novi Sad, Ribarsko ostrvo-4 re"]
[Date "2017.07.23"]
[Round "9.20"]
[White "Yordanov, Lachezar"]
[Black "Kacar, Darko"]
[Result "1-0"]
[WhiteElo "2246"]
[BlackElo "2148"]
[PlyCount "107"]
[EventDate "2017.07.16"]

1. b3 d5 2. Bb2 Bf5 3. e3 e6 4. Nf3 h6 5. c4 Nf6 6. Nc3 Be7 7. d4 O-O 8. Bd3
Bxd3 9. Qxd3 Bb4 10. O-O Bxc3 11. Bxc3 c6 12. Nd2 Nbd7 13. e4 dxe4 14. Nxe4
Nxe4 15. Qxe4 Nf6 16. Qe3 a5 17. a4 b5 18. Qf3 b4 19. Bb2 Rc8 20. Rad1 Qd6 21.
Rfe1 Rfd8 22. Bc1 Nd7 23. Bf4 Qe7 24. Qg3 Nf6 25. Bxh6 Nh5 26. Qg4 Qf6 27. Qxh5
gxh6 28. Qxa5 Rxd4 29. Rxd4 Qxd4 30. Qxb4 c5 31. Qb7 Rd8 32. h3 Qc3 33. Re3
Qa1+ 34. Kh2 Qd4 35. Qe4 Qxe4 36. Rxe4 Rd3 37. Re3 Rd2 38. Re5 Rd3 39. Rxc5
Rxb3 40. Rb5 Ra3 41. a5 Kf8 42. c5 Ke7 43. Rb7+ Kf6 44. Rb5 Ke5 45. c6+ Kd6 46.
Rb7 f5 47. c7 Kd7 48. c8=Q+ Kxc8 49. Re7 Rxa5 50. Rxe6 Kd7 51. Rxh6 Ke7 52. Rh5
Ke6 53. g4 Ra2 54. Rxf5 1-0